LEADER 01374nam a2200217 4500 001 000000330968 003 CaOOAMICUS 005 20181029151416.0 008 181029s2016 it 000 u ita r 040 $aSeMil$bita 111 0 $aRaduno Carmelitane Scalze$c.$0(OLS)http://semarc/name/108402 245 03$aLa vita monastica tra memoria e progetto :$bla ricerca i un senso per l'uomom post-moderno : [atti Raduno Carmelitane Scalze : Eremo del Carmelo, Cassano Valcuvia, 4-9 maggio 2015] /$crelatore p. Adalberto Piovano. 264 1$aMilano :$bAssociazione Regina Pacis, monasteri di Carmelitane Scalze,$c2016. 300 $a184 p. ;$c21 cm 650 4$aCarmelitane Scalze - Atti di congressi.$0(OLS)http://semarc/subject/26121 700 1 $aPiovano, Adalberto,$c,$ecollaboratore.$0(OLS)http://semarc/name/16976 850 $aSeMil 852 $aSeMil$W1$xVenegono$y1$m3G V 395$j210917$B224651$CSeMilBibl$Z2$F224651 $81 996 $6245$aLa vita monastica tra memoria e progetto :$bla ricerca i un senso per l'uomom post-moderno : [atti Raduno Carmelitane Scalze : Eremo del Carmelo, Cassano Valcuvia, 4-9 maggio 2015]$9(OLS)http://semarc/title/419591 996 $6264$aMilano :$bAssociazione Regina Pacis, monasteri di Carmelitane Scalze$9(OLS)http://semarc/publisher/53370 LEADER 01410nam a2200301 i 4500 001 000000115722 003 CaOOAMICUS 005 20181107172740.0 008 030617s1999 fr u000 u fre u 013 $a88411 020 $a2-204-05922-6 040 $aSeMil$bita 100 1 $aKrumenacker, Yves.$0(OLS)http://semarc/name/48340 245 12$aL'école française de spiritualité :$bdes mystiques, des fondateurs, des courants et leurs interprètes /$cYves Krumenacker ; postface par le P. J. Dujardin. 260 $aParis :$bLes Éditions du Cerf,$c1999. 300 $a660 p. ;$c24 cm. 490 0 $aHistoire [Cerf] 600 14$aBérulle, Pierre : de .$0(OLS)http://semarc/subject/6581 650 4$aSpiritualità - Francia - Storia - Sec. 17.$0(OLS)http://semarc/subject/21228 700 1 $aDujardin, J. <1936-2018>.$0(OLS)http://semarc/name/93053 830 0$aHistoire.$0(OLS)http://semarc/title/419770 850 $aSeMil 852 $aSeMil$W1$xVenegono$y1$m2C VI 150$j71228$B71228$CSeMilBibl$Z2$F75726 $81 961 $aAcquisto: SODIS 996 $6020$a2-204-05922-6$9(OLS)http://semarc/number/99609 996 $6245$aL'école française de spiritualité :$bdes mystiques, des fondateurs, des courants et leurs interprètes$9(OLS)http://semarc/title/169563 996 $6260$aParis :$bLes Éditions du Cerf$9(OLS)http://semarc/publisher/29611